Estadísticas para Municipios más grandes (extensos) de España

Haz click aquí para intentar la prueba.

Estadísticas generales

  • Esta prueba ha sido intentada 124 veces
  • La puntuación promedio es 7 de 25

Estadísticas de respuestas

PosiciónProvinciaMunicipio% Correcto
ExtremaduraBadajoz
93%
ExtremaduraCáceres
89%
16ºRegión de MurciaMurcia
83%
AndalucíaCórdoba
58%
Región de MurciaLorca
57%
20ºExtremaduraMérida
56%
Castilla-La ManchaAlbacete
49%
AragónZaragoza
49%
14ºCastilla-La ManchaCuenca
42%
AndalucíaJerez de la Frontera
26%
18ºRegión de MurciaCaravaca de la Cruz
18%
21ºPrincipado de AsturiasCangas del Narcea
16%
10ºRegión de MurciaJumilla
16%
22ºComunidad ValencianaRequena
14%
AndalucíaÉcija
13%
24ºAndalucíaAntequera
9%
23ºCastilla-La ManchaHellín
9%
19ºAndalucíaAlmonte
8%
11ºAndalucíaAndújar
8%
13ºAndalucíaCarmona
8%
12ºRegión de MurciaMoratalla
6%
17ºCastilla-La ManchaVillarrobledo
6%
Castilla-La ManchaAlmodóvar del Campo
4%
25ºExtremaduraJerez de los Caballeros
2%
15ºAndalucíaHornachuelos
1%

Distribución de puntuación

Porcentaje por número respondido

Porcentaje de gente con cada puntuación

Historial de tus puntuaciones

No has intentado esta prueba.